<A> new test for autocorrelation in the disturbances of the dynamic linear regression model.
Chronologický sled vývoja testov od roku 1970 do roku 1985. Popis nového testu "s" a jeho využitie. Špecifikácia štatistického vyjadrenia. Modifikácia testu v dynamickom modele a jeho využitie pri určení chybných a alternatívnych téz. Test pravdepodobnosti omylu. Test využitia asymptotických hodnôt.
Salvato in:
| Autore principale: | |
|---|---|
| Natura: | Capitolo di libro |
| Lingua: | inglese |
| Soggetti: | |
| Tags: |
Nessun Tag, puoi essere il primo ad aggiungerne!!
|
MARC
| LEADER | 00000naa a2200000 4500 | ||
|---|---|---|---|
| 001 | r003659 | ||
| 005 | 20220819193417.6 | ||
| 041 | 0 | |a eng | |
| 044 | |a US | ||
| 245 | 1 | 0 | |a <A> new test for autocorrelation in the disturbances of the dynamic linear regression model. |c B.A. Inder |
| 520 | |a Chronologický sled vývoja testov od roku 1970 do roku 1985. Popis nového testu "s" a jeho využitie. Špecifikácia štatistického vyjadrenia. Modifikácia testu v dynamickom modele a jeho využitie pri určení chybných a alternatívnych téz. Test pravdepodobnosti omylu. Test využitia asymptotických hodnôt. | ||
| 610 | 2 | 0 | |a modely regresné |
| 610 | 2 | 0 | |a modely lineárne |
| 610 | 2 | 0 | |a modely dynamické |
| 610 | 2 | 0 | |a testy |
| 610 | 2 | 0 | |a 1970-1985 |
| 610 | 2 | 0 | |a metódy štatistické |
| 100 | 1 | |a Inder, B.A. | |